[Event "XXVIII Memorial Mistrza Blaszczaka Grupa D - JUNIORZY"]
[Site "Wroclaw"]
[Date "1899-12-30"]
[Round "8.8"]
[White "Koza, Stanislaw"]
[Black "Domagalski, Fabian"]
[Result "1-0"]
[WhiteTitle "II"]
[BlackTitle "II"]
[WhiteElo "1548"]
[BlackElo "1266"]

1. e4 e6 2. d4 d5 3. exd5 exd5 4. Bd3 Bd6 5. Ne2 Nc6 6. c3 Bg4 7. f3 Be6 8. Bf4
Qh4+ 9. g3 Qe7 10. Bxd6 Qxd6 11. Nd2 O-O-O 12. Qc2 h5 13. O-O-O Re8 14. Nf4 Nh6
15. Nb3 g6 16. Nc5 Bf5 17. Qb3 b6 18. Ba6+ Kb8 19. Rhe1 Na5 20. Qa4 Be6 21. Nfxe6
fxe6 22. Nd7+ Ka8 23. Ne5 Rhg8 24. Nxg6 Nc6 25. Bb5 Ne7 26. Bxe8 Nxg6 27. Bxg6
Rxg6 28. Qe8+ 1-0

[Event "XXVIII Memorial Mistrza Blaszczaka Grupa D - JUNIORZY"]
[Site "Wroclaw"]
[Date "1899-12-30"]
[Round "9.1"]
[White "Cukrowski, Filip"]
[Black "Nowak, Kamil"]
[Result "1-0"]
[WhiteTitle "k"]
[BlackTitle "I"]
[WhiteElo "2178"]
[BlackElo "1769"]

1. e4 c5 2. Nf3 d6 3. d4 cxd4 4. Nxd4 Nf6 5. Nc3 a6 6. Be3 e5 7. Nf3 Qc7 8. a4
b6 9. Bd3 Be7 10. O-O O-O 11. Qe2 Nbd7 12. Rfd1 Bb7 13. Bg5 h6 14. Bxf6 Nxf6 15.
Bc4 Rfc8 16. Bb3 Bf8 17. Ne1 Rd8 18. Bd5 Rac8 19. Rd2 Bxd5 20. Nxd5 Nxd5 21. Rxd5
Qb7 22. Rad1 Rc5 23. Rxc5 bxc5 24. b3 Rc8 25. Qc4 a5 26. Nd3 g6 27. Nb2 Qc6 28.
Qd5 Qxd5 29. Rxd5 Rc6 30. f3 Kg7 31. Kf2 Kf6 32. Ke3 Ke6 33. g4 Be7 34. Kd3 f5
35. Nc4 Ra6 36. Ne3 fxe4+ 37. Kxe4 Bg5 38. Nc4 Bd8 39. Nxe5 g5 40. Nd3 Bc7 41.
Rxc5 dxc5 42. Nxc5+ Ke7 43. Nxa6 Bxh2 44. Nc5 Kd6 45. Nb7+ 1-0

[Event "XXVIII Memorial Mistrza Blaszczaka Grupa D - JUNIORZY"]
[Site "Wroclaw"]
[Date "1899-12-30"]
[Round "9.2"]
[White "Kanicki, Krzysztof"]
[Black "Kulas, Szymon"]
[Result "1-0"]
[WhiteTitle "I"]
[BlackTitle "I++"]
[WhiteElo "1937"]
[BlackElo "2064"]

1. e4 c5 2. Nf3 Nc6 3. Bb5 g6 4. Bxc6 bxc6 5. O-O Bg7 6. Re1 d5 7. d3 e6 8. Nc3
Ne7 9. e5 h6 10. Na4 c4 11. d4 O-O 12. b3 cxb3 13. axb3 Re8 14. Nc5 Nf5 15. g3
Kh7 16. Bd2 f6 17. Ba5 Qe7 18. g4 fxe5 19. gxf5 e4 20. fxg6+ Kxg6 21. Nxe4 dxe4
22. Rxe4 e5 23. Qd3 Kf7 24. Nxe5+ Kg8 25. Qg3 Qg5 26. Qxg5 hxg5 27. Rae1 Bf5 28.
R4e2 c5 29. dxc5 Re6 30. Nd3 Ra6 31. Bd2 g4 32. Re8+ Rxe8 33. Rxe8+ Kf7 34. Re2
Ra2 35. Nb4 Ra1+ 36. Kg2 a5 37. Nd5 Bxc2 38. Re7+ Kf8 39. Rxg7 Be4+ 40. Kg3 Bxd5
41. Rxg4 Bxb3 42. c6 Ke7 43. Rg5 a4 44. Bb4+ Kd8 45. Ba5+ Ke7 46. Bb4+ Kd8 47.
Ra5 Kc7 48. Rc5 Be6 49. Rc3 Rg1+ 50. Kf4 Rg4+ 51. Ke5 Rxb4 52. Kxe6 Rh4 53. Ke5
Rxh2 54. f4 Rh6 55. Ra3 Rxc6 56. Rxa4 Kd7 57. Kf5 Ke7 58. Kg5 Rc7 59. Kg6 Rc1
60. Ra7+ Kf8 61. f5 Rc2 62. Ra8+ Ke7 63. f6+ Ke6 64. Re8+ Kd7 65. Re4 Rg2+ 66.
Kf7 Rf2 67. Rd4+ Kc7 68. Ke7 Re2+ 69. Kf8 Rf2 70. f7 Rf1 71. Rg4 1-0

[Event "XXVIII Memorial Mistrza Blaszczaka Grupa D - JUNIORZY"]
[Site "Wroclaw"]
[Date "1899-12-30"]
[Round "9.3"]
[White "Piotrowski, Przemyslaw"]
[Black "Marko, Piotr"]
[Result "1-0"]
[WhiteTitle "I++"]
[BlackTitle "II"]
[WhiteElo "2030"]
[BlackElo "1574"]

1. e4 e5 2. Nf3 Nc6 3. Bc4 Nf6 4. d3 Be7 5. Nc3 d6 6. Be3 Ng4 7. Nd5 Na5 8. Qe2
Nxc4 9. dxc4 f5 10. Nxe7 Nxe3 11. Qxe3 Qxe7 12. exf5 Bxf5 13. O-O-O O-O 14. h3
b6 15. Rhe1 Qf7 16. b3 h6 17. Nd2 Qg6 18. Nf3 Bxc2 19. Rd2 Qxg2 20. Nxe5 Bf5 21.
f3 Qxh3 22. Nc6 Bd7 23. Ne7+ Kh7 24. Qe4+ Bf5 25. Qc6 Bg6 26. Nxg6 Kxg6 27. Qxc7
Kh7 28. Rg1 Rg8 29. Rdg2 Qf5 30. Rxg7+ Kh8 31. Rxg8+ Rxg8 32. Rxg8+ Kxg8 33. Qxd6
Qg5+ 34. Kb2 Qg7+ 35. Kb1 h5 36. Qd5+ Qf7 37. Qg5+ Kf8 38. f4 Qh7+ 39. f5 h4 40.
Qd8+ Kf7 41. Qd7+ Kg8 42. Qe6+ Kf8 43. Qc8+ Kg7 44. Qc7+ Kh6 45. Qf4+ Kh5 46.
Kb2 Qh6 47. Qe5 Qd2+ 48. Ka3 Qc1+ 49. Ka4 Qg5 50. Qe2+ Kh6 51. Qe6+ Kh5 52. b4
h3 53. f6 h2 54. Qe2+ Kg6 55. Qxh2 Qg4 56. Qc7 Qd1+ 57. Kb5 a6+ 58. Kxb6 1-0

[Event "XXVIII Memorial Mistrza Blaszczaka Grupa D - JUNIORZY"]
[Site "Wroclaw"]
[Date "1899-12-30"]
[Round "9.4"]
[White "Dzikowski, Michal"]
[Black "Stankiewicz, Pawel"]
[Result "1/2-1/2"]
[WhiteTitle "I"]
[BlackTitle "k"]
[WhiteElo "1892"]
[BlackElo "2070"]

1. b3 d6 2. Bb2 e5 3. e3 Nd7 4. Nc3 g6 5. Nge2 Bg7 6. g3 Ne7 7. Bg2 O-O 8. O-O
c6 9. d4 exd4 10. Nxd4 Ne5 11. Qe2 Qc7 12. h3 f5 13. Rad1 Rb8 14. Nf3 b5 15. Nxe5
dxe5 16. a4 a6 17. axb5 axb5 18. Nb1 Be6 19. Nd2 c5 20. f4 c4 21. Bxe5 Bxe5 22.
fxe5 cxb3 23. cxb3 Qxe5 24. Qf2 Rbd8 25. Nf3 Qc3 26. Nd4 Bxb3 27. Nxb5 Qe5 28.
Rxd8 Rxd8 29. Nd4 Bf7 30. g4 Bc4 31. Rc1 Bd5 32. Bxd5+ Qxd5 33. gxf5 Nxf5 34.
Nxf5 Qxf5 35. Qxf5 gxf5 36. Rc5 1/2-1/2

[Event "XXVIII Memorial Mistrza Blaszczaka Grupa D - JUNIORZY"]
[Site "Wroclaw"]
[Date "1899-12-30"]
[Round "9.5"]
[White "Domagalski, Fabian"]
[Black "Gajdamowicz, Patrick"]
[Result "0-1"]
[WhiteTitle "II"]
[BlackTitle "I"]
[WhiteElo "1266"]
[BlackElo "1911"]

1. c4 Nf6 2. Nf3 g6 3. Nc3 Bg7 4. e4 d6 5. d4 O-O 6. Be2 Nbd7 7. O-O c5 8. Be3
b6 9. d5 a6 10. Rb1 Ne8 11. Ne1 Nc7 12. Qd2 b5 13. cxb5 axb5 14. Bxb5 Nxb5 15.
Nxb5 Rxa2 16. Nc3 Ra8 17. Nd3 Ba6 18. Rfc1 Bxd3 19. Qxd3 Ne5 20. Qe2 Qa5 21. Bd2
Rfb8 22. f4 Nd7 23. h4 Qa6 24. Rc2 Qxe2 25. Nxe2 Ra4 26. Ng3 Ra2 27. Bc1 Rb3 28.
Ne2 Ra4 29. Nc3 Bxc3 30. Rxc3 Rxc3 31. bxc3 Rxe4 32. Kf2 Nf6 33. Kf3 Rc4 34. f5
Rxc3+ 35. Ke2 h5 36. fxg6 fxg6 0-1

[Event "XXVIII Memorial Mistrza Blaszczaka Grupa D - JUNIORZY"]
[Site "Wroclaw"]
[Date "1899-12-30"]
[Round "9.6"]
[White "Lascar, Radoslawa"]
[Black "Kopica, Paulina"]
[Result "1-0"]
[WhiteTitle "I"]
[BlackTitle "I"]
[WhiteElo "1722"]
[BlackElo "1711"]

1. e4 e6 2. d4 d5 3. exd5 exd5 4. c4 Nf6 5. Nc3 c6 6. Nf3 Bg4 7. h3 Bh5 8. g4 Bg6
9. Ne5 dxc4 10. Bxc4 Bd6 11. Qe2 O-O 12. f4 b5 13. Bb3 b4 14. f5 Bxf5 15. gxf5
bxc3 16. bxc3 Nd5 17. Qf3 Qh4+ 18. Kd1 Nf6 19. Rg1 Bxe5 20. dxe5 Rd8+ 21. Kc2
Ne4 22. Be3 h5 23. Qg2 g6 24. Qxg6+ 1-0

[Event "XXVIII Memorial Mistrza Blaszczaka Grupa D - JUNIORZY"]
[Site "Wroclaw"]
[Date "1899-12-30"]
[Round "9.8"]
[White "Korpalski, Maciej"]
[Black "Thamm, Merlin Jannes"]
[Result "0-1"]
[WhiteTitle "II"]
[BlackTitle "II"]
[WhiteElo "1616"]
[BlackElo "1708"]

1. e4 c5 2. Nf3 Nc6 3. d4 cxd4 4. Nxd4 e5 5. Nb5 d6 6. N1c3 a6 7. Na3 Be7 8. Nc4
b5 9. Ne3 Nf6 10. f3 O-O 11. Ned5 Nxd5 12. Nxd5 Rb8 13. Be3 Bh4+ 14. g3 Bg5 15.
Qd2 Bxe3 16. Qxe3 Nd4 17. O-O-O Be6 18. g4 Qd7 19. Kb1 f5 20. c3 f4 21. Qf2 Nc6
22. h4 Rfd8 23. g5 Kh8 24. h5 a5 25. h6 g6 26. Nf6 Qf7 27. b3 Bxb3 28. axb3 Qxb3+
29. Kc1 Qxc3+ 30. Kb1 Qb3+ 31. Kc1 Nd4 32. Kd2 Rbc8 33. Bc4 Rxc4 34. Ke1 Rdc8
35. Qd2 Nxf3+ 0-1